000 00531cam a2200157 a 4500
999 _c4697
_d4697
008 041222r20041993enka j 001 0 eng
010 _a92044260
020 _a0753405024
082 0 4 _a500 GAN
_b.W872
100 1 _aGaneri, Anita,
_d1961-
245 1 0 _aI wonder why camels have humps and other questions about animals /
_cAnita Ganeri.
260 _aLondon :
_bKingfisher ;
_aDanbury, Conn. :
_bGrolier,
_c2004, c1993.
300 _a32 p. :
_bcol. ill. ;
_c29 cm +
_e1 compact disc (4 3/4 in)
500 _aIncludes index.
942 _2ddc